000 00375 a2200169 4500
001 44985
020 _a8508066252
040 _cAnchieta - Aquarius
100 _aRankin, Joan
240 1 0 _aUau! Ser pato é o máximo!
_lpor
245 1 0 _aUau! Ser pato é o máximo!
300 _a
362 0 _a1997
440 1 _aÁtica
650 4 _aLiteratura infantil
942 _cBK
999 _c44985
_d44985